La evangelización en América y sus retos
Guardat en:
| Autor principal: | |
|---|---|
| Format: | Llibre |
| Idioma: | espanyol |
| Publicat: |
San José
Promesa
2002
|
| Col·lecció: | Historia, 2
|
| Matèries: | |
| Etiquetes: |
Afegir etiqueta
Sense etiquetes, Sigues el primer a etiquetar aquest registre!
|
MARC
| LEADER | 00000nam a2200000 a 4500 | ||
|---|---|---|---|
| 001 | UCL4316 | ||
| 003 | CL-VaPUC | ||
| 008 | 040109e20020000CR |||||||||||||||||spa|d | ||
| 020 | |a 9968410233 | ||
| 082 | 0 | 4 | |a 282.72 |b LUQ |2 21 |
| 100 | |a Luque Alcaide, Elisa |e autora |9 481808 | ||
| 245 | 1 | 3 | |a La evangelización en América y sus retos |
| 300 | |a 113 p | ||
| 942 | |c BK | ||
| 945 | |d 20040109 00:00:00 |a cmena | ||
| 260 | |a San José |b Promesa |c 2002 | ||
| 600 | 0 | |a Iglesia católica |9 255129 | |
| 650 | 7 | |a EVANGELIZACION |2 CL-VaPUC |9 481809 | |
| 651 | 0 | |a México |9 255269 | |
| 583 | |a last modification |c 20040109 00:00:00 |k Rodrigo Vera | ||
| 490 | 0 | |a Historia, 2 | |
| 999 | |c 307191 |d 307189 | ||
| 952 | |0 0 |1 0 |4 0 |6 282_720000000000000_LUQ_2002 |7 0 |8 A |9 372911 |a BIBTEO |b BIBTEO |d 2019-11-21 |i 3855651 |o 282.72 LUQ 2002 |p 3855651 |r 2024-01-18 |w 2019-11-21 |y BK |k ICR | ||